Методика преподавания иностранных языков за рубежом: пер. с англ., нем., франц.

מידע ביבליוגרפי
מחבר ראשי: Васильева М. М.
מחברים אחרים: Синявская Е. В.
שפה:רוסית
יצא לאור: Москва, Прогресс, 1967
נושאים:
פורמט: ספר
KOHA link:https://koha.lib.tpu.ru/cgi-bin/koha/opac-detail.pl?biblionumber=198872

MARC

LEADER 00000nam0a2200000 4500
001 198872
005 20231031184111.0
035 |a (RuTPU)RU\TPU\book\216885 
090 |a 198872 
100 |a 20110712d1967 m y0rusy50 ca 
101 1 |a rus  |c eng  |c ger  |c fre 
102 |a RU 
105 |a y z 001zy 
200 1 |a Методика преподавания иностранных языков за рубежом  |e пер. с англ., нем., франц.  |f М. М. Васильева, Е. В. Синявская 
210 |a Москва  |c Прогресс  |d 1967 
215 |a 464 с. 
320 |a Библиогр.: с. 449-462. 
610 1 |a иностранные языки 
610 1 |a преподавание 
610 1 |a изучение 
610 1 |a фонетика 
610 1 |a чтение 
610 1 |a лексика 
610 1 |a преподавание 
675 |a 4И(075)  |v 3 
700 1 |a Васильева  |b М. М. 
701 1 |a Синявская  |b Е. В. 
801 1 |a RU  |b 63413507  |c 20110712 
801 2 |a RU  |b 63413507  |c 20150717  |g RCR 
942 |c BK